000 00380nam a2200133 4500
005 20260530115308.0
100 1 _aFco Caridad José Kuri Elías Kohen
_932314
245 1 0 _aManual de sistemas de unión y ensamble de materiales
264 1 _bTrillas
_c1986
300 _a240 páginas
336 _atexto
_2rdacontent
337 _asin medio
_2rdamedia
338 _avolumen
_2rdacarrier
999 _c13186
_d13186